000
00331nam a2200145Ia 4500
100
_a
Frados/Joel(editor )
942
_c
RB
654
_a
Plastics
245
_a
Plastics engineering handbook
260
_b
Van Nostrand Reinhold Co.
_a
New York
_c
1976
082
_a
668.4
_b
SPI
300
_a
909
546
_a
ENGLISH
999
_c
29547
_d
29547